000 00345 a2200109 4500
001 ART_39635
005 20260410162005.0
008 260409a
245 1 0 _aContrato de compraventa de material orgánico renovable
100 1 _aLencina, Marcelo A.
773 0 _tTemas de derecho civil
_g- Año 2, Nº 7 (jul. 2016)
_wREV34778
999 _c31635
_d31635